| 000 | 00685aam a2200241 4500 | ||
|---|---|---|---|
| 005 | 20160926104619.0 | ||
| 008 | 150406b xxu||||| |||| 00| 0 spa d | ||
| 041 | _aspa | ||
| 082 | _a658 B217t | ||
| 100 |
_aBonillla Ríos, Francisco _922544 |
||
| 245 | _aTeoría de la administración: un enfoque alternativo | ||
| 260 | _aMéxico | ||
| 260 | _bMcGraw-Hill | ||
| 260 | _c2000 | ||
| 300 | _a165 páginas | ||
| 650 |
_aADMINISTRACIÓN _9268 |
||
| 650 |
_aTEORÍA ADMINISTRATIVA _95519 |
||
| 650 |
_aTEORÍA DE LA ORGANIZACIÓN _922545 |
||
| 650 |
_aSOCIOLOGIA DE LA ADMINISTRACIÓN _922546 |
||
| 650 |
_aMANEJO DE CONFLICTOS _93041 |
||
| 650 |
_aLIDERAZGO _922 |
||
| 942 | _cBK | ||
| 999 |
_c1059 _d1059 |
||